[Event "IECC Y2KO email"]
[Site "IECC email"]
[Date "1999.10.14"]
[Round "?"]
[White "Ollivier, Alain"]
[Black "Kappler, Jesse"]
[Result "1-0"]
[WhiteElo "1770"]
[BlackElo "971"]
[PlyCount "73"]
[EventDate "1999.??.??"]
[EventType "tourn (corr)"]
[EventRounds "2"]
[SourceTitle "Corr 2008"]
[Source "ChessBase"]
[SourceDate "2008.06.24"]
[SourceVersion "1"]
[SourceVersionDate "2008.06.24"]
[SourceQuality "1"]

1. e4 e5 2. Nf3 Nf6 3. d4 Nxe4 4. Bd3 d5 5. Nxe5 Nxf2 6. Kxf2 Qf6+ 7. Nf3 h6 8. Qe2+ Be7 9. Re1 Bg4 10. Qe5 Bxf3 11. Qxf6 gxf6 12. Kxf3 Nc6 13. Be3 0-0-0 14. Nc3 Rhg8 15. g4 Rh8 16. Ke2 h5 17. Bf5+ Kb8 18. h3 Bc5 19. dxc5 d4 20. Rad1 hxg4 21. Bxg4 Rhe8 22. Kf2 Rxe3 23. Rxe3 dxe3+ 24. Kxe3 Rxd1 25. Nxd1 Ne7 26. Ke4 c6 27. h4 Kc7 28. h5 Ng8 29. Ne3 Nh6 30. Bf3 Kd7 31. Nf5 Nxf5 32. Kxf5 Ke7 33. b4 a6 34. h6 Kf8 35. Kxf6 Kg8 36. Be4 Kh8 37. Kxf7 1-0